Use and abuse of history /
محفوظ في:
المؤلف الرئيسي:
التنسيق: كتاب
اللغة: English
منشور في:
New Haven [CT] :
Yale University Press,
1955.
سلاسل:
The Terry lectures.
الموضوعات:
الوسوم: إضافة وسم
لا توجد وسوم, كن أول من يضع وسما على هذه التسجيلة!
رقم الطلب: D16.8 .G44 1955
| LEADER | 00671nam a2200241ua 4500 | ||
|---|---|---|---|
| 001 | 427 | ||
| 003 | OSt | ||
| 005 | 20251119074241.0 | ||
| 008 | 130303s1955 ctu b 000 0 eng d | ||
| 010 | |a 55008702 /L | ||
| 035 | |a rdb03402638 | ||
| 040 | |c ARCE Library | ||
| 050 | 4 | |a D16.8 .G44 1955 | |
| 100 | 1 | |a Geyl, Pieter, |d 1887-1966, |e author |9 30638 | |
| 245 | 1 | 0 | |a Use and abuse of history / |c by Pieter Geyl. |
| 264 | 1 | |a New Haven [CT] : |b Yale University Press, |c 1955. | |
| 300 | |a vi, 97 pages ; |c 21 cm. | ||
| 490 | 0 | |a The Terry lectures. | |
| 504 | |a Bibliographical footnotes. | ||
| 650 | 0 | |a History |x Philosophy. | |
| 901 | |a reviewed | ||
| 942 | |c BK |2 lcc | ||
| 999 | |c 1809 |d 1809 | ||
